Dopady a výzvy pre kapitálový trh SR po vstupe Slovenska do Európskej únie

Súčasný stav slovenského kapitálového trhu. Prevaha bankového sektora v rámci finančného systému. Využívanie rizikového kapitálu. Problematika úspor. Tendencie vývoja - vplyv globalizácie a integrácie. Nárast hypotekárnych úverov.

Guardado en:
Detalles Bibliográficos
Autor principal: Piovarčiová, Veronika, 1951-
Formato: Capítulo de libro
Lenguaje:eslovaco
Materias:
Etiquetas: Agregar Etiqueta
Sin Etiquetas, Sea el primero en etiquetar este registro!

MARC

LEADER 00000nla$a2200000$$$4500
001 0082454
005 20240502083219.3
041 0 |a slo 
044 |a CZ 
245 1 0 |a Dopady a výzvy pre kapitálový trh SR po vstupe Slovenska do Európskej únie  |c Veronika Piovarčiová 
520 |a Súčasný stav slovenského kapitálového trhu. Prevaha bankového sektora v rámci finančného systému. Využívanie rizikového kapitálu. Problematika úspor. Tendencie vývoja - vplyv globalizácie a integrácie. Nárast hypotekárnych úverov. 
610 2 0 |a trh kapitálový 
610 2 0 |a trh finančný 
610 2 0 |a banky 
610 2 0 |a úver hypotekárny 
610 2 0 |a úspory 
610 2 0 |a kapitál rizikový 
610 2 0 |a integrácia 
610 2 0 |a globalizácia 
610 2 0 |a Slovensko 
610 2 0 |a Európska únia 
100 1 |a Piovarčiová, Veronika, 1951-